LIBRARY & INFORMATION CENTRE, KCAET, TAVANUR

ONLINE PUBLIC ACCESS CATALOGUE (OPAC)

Operations research : An introduction / (Record no. 286)

MARC details
000 -LEADER
fixed length control field 00503cam a2200193ua 4500
041 ## - LANGUAGE CODE
Language code of text/sound track or separate title eng
082 ## - DEWEY DECIMAL CLASSIFICATION NUMBER
Classification number 658.4034
Item number TAH/OP
100 ## - MAIN ENTRY--AUTHOR NAME
Personal name Taha, Hamdy A .
245 ## - TITLE STATEMENT
Title Operations research : An introduction /
250 ## - EDITION STATEMENT
Edition statement 6 /
260 ## - PUBLICATION, DISTRIBUTION, ETC. (IMPRINT)
Place of publication New Delhi :
Name of publisher Prentice Hall of India Pvt Ltd. ,
Year of publication 2001.
300 ## - PHYSICAL DESCRIPTION
Number of Pages 916 ; .
942 ## - ADDED ENTRY ELEMENTS (KOHA)
Koha item type Books
Holdings
Withdrawn status Lost status Damaged status Home library Current library Date acquired Full call number Accession Number Koha item type
      KAUAET KAUAET 07/04/2012 658.4034 20632 Books
      KAUAET KAUAET 07/04/2012 658.4034 TAH/OP 22208 Books
free website counter